00448nam a22001097a 4500082001300000100003200013245016600045260004100211300002000252563000900272856005700281 a340bWAL aWali, Munira & Ahmed, Aftab aEnhancing Criminal Law Protection for Women in Pakistan: bA Critical Analysis of the Prevailing Legal Gaps & Proposed Legal Reforms /cMunira Wali & Aftab Ahmed aIslamabad :bNUST Law School,c2025. a57 p. ;c30 CM. aHBK. uhttp://10.250.8.41:8080/xmlui/handle/123456789/56168